| 000 | 00305nam a2200121 i 4500 | ||
|---|---|---|---|
| 001 | bg | ||
| 245 | 0 | 3 |
_a13 Międzynarodowa Konferencja Dynamiki Maszyn. _nT. 2, _pReferaty. |
| 260 |
_aJadwisin k/ W-wy, _c1981. |
||
| 040 | _cBPK | ||
| 041 | _apol | ||
| 942 | _cKS | ||
| 008 | s pl f |000 0 pol | ||
| 999 |
_c19798 _d19798 |
||
| 856 |
_uhttp://koha.tu.koszalin.pl/cgi-bin/koha/opac-detail.pl?biblionumber=19798 _yKatalog online BPK |
||